| Tag |
First Indicator |
Second Indicator |
Subfields |
| LEADER |
00000cam a2200000 a 4500 |
| 001 |
in00000001383 |
| 007 |
he bmb024bbca |
| 008 |
990125s1997 ncuab bb f100 0 eng d |
| 005 |
20230309222510.5 |
| 035 |
|
|
|a (OCoLC)40669667
|
| 035 |
|
|
|9 AJB2916AM
|
| 035 |
|
|
|a in00000001383
|
| 040 |
|
|
|a GPO
|c GPO
|d DLC
|d MvI
|d UtOrBLW
|
| 049 |
|
|
|a UMIC
|
| 049 |
|
|
|a WWW
|
| 074 |
|
|
|a 0083-B-06 (MF)
|
| 074 |
|
|
|a 0083-B-06 (online)
|
| 086 |
0 |
|
|a A 13.88:SRS-17
|
| 111 |
2 |
|
|a Conference on Integrating Social Sciences and Ecosystem Management
|d (1995 :
|c Helen, Ga.)
|
| 245 |
1 |
0 |
|a Integrating social science and ecosystem management :
|b a national challenge : proceedings of the Conference on Integrating Social Sciences and Ecosystem Management, Helen, GA, December 12-14, 1995 /
|c editor: H. Ken Cordell ; compiled by: Linda Caldwell and Shela Mou.
|
| 246 |
3 |
0 |
|a Proceedings of the Conference on Integrating Social Sciences and Ecosystem Management
|
| 264 |
|
1 |
|a [Asheville, N.C.] :
|b U.S. Dept. of Agriculture, Forest Service, Southern Research Station,
|c [1997]
|
| 300 |
|
|
|a vii, 213 pages :
|b illustrations, maps ;
|c 28 cm.
|
| 336 |
|
|
|a text
|b txt
|2 rdacontent
|
| 337 |
|
|
|a microform
|b h
|2 rdamedia
|
| 338 |
|
|
|a microfiche
|b he
|2 rdacarrier
|
| 490 |
1 |
|
|a General technical report SRS ;
|v 17
|
| 500 |
|
|
|a "September 1997"--P. [2] of cover.
|
| 500 |
|
|
|a Shipping list number: 98-0986-M.
|
| 504 |
|
|
|a Includes bibliographical references.
|
| 533 |
|
|
|a Microfiche.
|b [Washington, D.C.] :
|c Supt. of Docs., U.S. G.P.O.,
|d 1998
|e 3 microfiches : negative.
|
| 530 |
|
|
|a Also available via Internet from the Southern Research Station web site (PDF file only).
|
| 500 |
|
|
|a Microform.
|
| 650 |
|
0 |
|a Ecosystem management
|v Congresses.
|
| 650 |
|
0 |
|a Social sciences
|v Congresses.
|
| 650 |
|
0 |
|a Forests and forestry
|v Congresses.
|
| 700 |
1 |
|
|a Cordell, H. Ken.
|
| 700 |
1 |
|
|a Caldwell, Linda.
|
| 700 |
1 |
|
|a Mou, Shela.
|
| 710 |
1 |
|
|a United States.
|b Forest Service.
|b Southern Research Station.
|
| 830 |
|
0 |
|a General technical report SRS ;
|v 17.
|
| 856 |
4 |
1 |
|u https://purl.fdlp.gov/GPO/LPS2248
|z Adobe Acrobat reader required
|t 0
|
| 999 |
|
|
|a MARS
|
| 999 |
f |
f |
|i 2442935c-b937-3a0c-a6d5-d277beded4a2
|s 83745692-6a67-356c-9097-2768c9d4d148
|t 0
|
| 952 |
f |
f |
|p normal
|a Texas A&M University
|b College Station
|c Sterling C. Evans Library
|d Evans: US Documents (Annex 5th floor)
|t 0
|e A 13.88:SRS-17
|h Superintendent of Documents classification
|i microform -- microfiche
|m A14824408798
|
| 952 |
f |
f |
|p normal
|a Texas A&M University
|b College Station
|c Sterling C. Evans Library
|d Evans: US Documents Microfiche (3rd floor)
|t 0
|e A 13.88:SRS-17
|h Superintendent of Documents classification
|i microform -- microfiche
|m A14820682510
|
| 952 |
f |
f |
|a Texas A&M University
|b College Station
|c Electronic Resources
|d Available Online
|t 0
|e A 13.88:SRS-17
|h Superintendent of Documents classification
|
| 998 |
f |
f |
|a A 13.88:SRS-17
|t 0
|l Evans: US Documents Microfiche (3rd floor)
|
| 998 |
f |
f |
|a A 13.88:SRS-17
|t 0
|l Available Online
|
| 998 |
f |
f |
|a A 13.88:SRS-17
|t 0
|l Evans: US Documents (Annex 5th floor)
|